Jasná - krásavica v gala (Veľká cena Demänovských jaskýň)

Bibliographic Details
Format: Article
Language:Slovak
Subjects:

MARC

LEADER 00000nab a2200000 a 4500
001 vtls009623425
003 SK-MaSNL
005 20260304173418.0
008 090702c19720316xo 0 slo
015 |a SNBRB1972  |2 snkbucl 
040 |a SNKBUCL  |b slo  |c SNKBUCL  |e AACR2 
041 0 |a slo 
044 |a xo  |c SK 
080 |a 796.92.093.1  |2 1997 
245 0 0 |a Jasná - krásavica v gala  |b (Veľká cena Demänovských jaskýň) 
611 2 7 |a Veľká cena Demänovských jaskýň  |d (1972)  |2 snkbucl  |9 1503826 
650 0 7 |a lyžovanie  |2 snkbucl  |9 3256 
655 7 |a články z novín a časopisov  |2 snkbucl  |9 267496 
773 0 |t Šport  |g (16.3.1972), s. 1 
850 |a Slovenská národná knižnica v Martine 
852 |a SNK  |b KIS3GCP 
999 |c 3003148  |d 3005078